000 00320nam a22001217a 4500
040 _cHS
082 _a658
100 _aអេង លេង
245 _aការគ្រប់គ្រងហិរញ្ញវត្ថុ financial management
260 _aRUA
_bអេង លេង
_c2011
300 _aNA
942 _cKB
999 _c9114
_d9114